000 nam a22 7a 4500
999 _c9961
_d9961
008 180209b ||||| |||| 00| 0 eng d
100 _aBurnett, F H
_96017
245 _aA little pricess
260 _aLondon
_bLadybird publication
_c1993